[Event "10th EICC"]
[Site "Budva MNE"]
[Date "2009.03.10"]
[Round "5"]
[White "Bocharov,D"]
[Black "Shomoev,A"]
[Result "1/2-1/2"]
[WhiteElo "2647"]
[BlackElo "2567"]
[EventDate "2009.03.06"]

1. d4 Nf6 2. c4 g6 3. Nf3 Bg7 4. g3 c5 5. Bg2 cxd4 6. Nxd4 O-O 7. Nc3 Qc7
8. Qd3 Nc6 9. O-O d6 10. b3 Nxd4 11. Qxd4 Be6 12. Bb2 Rfc8 13. Rac1 a6 14.
Na4 Ne8 15. Qd2 Bxb2 16. Qxb2 Bd7 17. c5 Bxa4 18. bxa4 dxc5 19. Qxb7 Ra7
20. Qb3 Nd6 21. Rfd1 Qa5 22. Rd5 Rac7 23. Qc2 Nf5 24. Qd1 Kg7 25. Bh3 e6
26. Bxf5 exd5 27. Bxc8 Rxc8 28. Qxd5 Qxa4 29. h4 h5 30. Rb1 c4 31. Rb7 Qe8
32. Rb2 Qa4 33. Qd4+ Kg8 34. Rd2 c3 35. Qxa4 cxd2 36. Kg2 Rc1 37. Qe8+ Kg7
38. Qe5+ Kh7 39. Qd5 d1=Q 40. Qxf7+ Kh8 41. Qe8+ 1/2-1/2

[Event "10th EICC"]
[Site "Budva MNE"]
[Date "2009.03.10"]
[Round "5"]
[White "Hillarp Persson,T"]
[Black "Kobalia,M"]
[Result "1/2-1/2"]
[WhiteElo "2586"]
[BlackElo "2634"]
[EventDate "2009.03.06"]

1. d4 d5 2. c4 c6 3. Nf3 Nf6 4. e3 Bf5 5. Nc3 e6 6. Nh4 Bg6 7. Be2 Nbd7 8.
Bd2 Be7 9. g3 a6 10. O-O O-O 11. Nxg6 hxg6 12. Rc1 dxc4 13. Bxc4 c5 14.
dxc5 Nxc5 15. Be2 b5 16. Bf3 Rc8 17. Ne2 Qb6 18. Bb4 Rfd8 19. Bxc5 Rxc5 20.
Qb3 Nd7 21. Bg2 Bf6 22. Rfd1 Kh7 23. Rc2 Ne5 24. Rxd8 Bxd8 25. Rxc5 Qxc5
26. Qc3 Qxc3 27. Nxc3 Nd3 28. Bb7 Nc5 29. Bc6 Bf6 30. Ne4 Nxe4 31. Bxe4
Bxb2 32. h4 Bc1 33. Kf1 Kh6 34. Bb7 a5 35. Bc6 b4 36. Be8 f6 37. Ke2 g5 38.
hxg5+ Kxg5 39. Bd7 e5 40. Kd3 f5 41. f3 Kf6 42. e4 g6 43. g4 fxg4 44. Bxg4
a4 45. Kc2 Be3 46. Bd7 Kg5 47. Bxa4 Kf4 48. Be8 Kxf3 1/2-1/2

[Event "10th EICC"]
[Site "Budva MNE"]
[Date "2009.03.10"]
[Round "5"]
[White "Banikas,H"]
[Black "Fedorchuk,S"]
[Result "1/2-1/2"]
[WhiteElo "2582"]
[BlackElo "2633"]
[EventDate "2009.03.06"]

1. d4 Nf6 2. c4 e6 3. Nc3 Bb4 4. e3 O-O 5. Nge2 d5 6. a3 Be7 7. cxd5 exd5
8. g3 a5 9. Bg2 Na6 10. O-O c6 11. h3 1/2-1/2

[Event "10th EICC"]
[Site "Budva MNE"]
[Date "2009.03.10"]
[Round "5"]
[White "Sjugirov,S"]
[Black "Van Wely,L"]
[Result "1-0"]
[WhiteElo "2562"]
[BlackElo "2625"]
[EventDate "2009.03.06"]

1. e4 c5 2. Nf3 d6 3. d4 cxd4 4. Nxd4 Nf6 5. Nc3 a6 6. Bg5 e6 7. f4 Nbd7 8.
Bc4 b5 9. Bxe6 fxe6 10. Nxe6 Qa5 11. Nxf8 Rxf8 12. Qxd6 Qb6 13. O-O-O Qxd6
14. Rxd6 Nc5 15. Re1 Kf7 16. b4 Ne6 17. Bxf6 gxf6 18. Nd5 Rd8 19. Rb6 a5
20. f5 Ng5 21. Nc7 Ra7 22. Nxb5 Ra6 23. bxa5 Ke7 24. e5 Rxa5 25. exf6+ Kf8
26. Kb2 Ra4 27. Re5 Nf7 28. Rc5 Rf4 29. g4 Rxg4 30. Nc7 Kg8 31. Ne6 Re8 32.
Rc7 Ne5 33. Kc3 Bd7 34. Rc5 Re4 35. Rd6 Bc8 36. Rc7 Rg4 37. Rd5 Nf7 38. Re7
Rf8 39. Nxf8 Kxf8 40. Rc7 Ba6 41. Rdd7 1-0

[Event "10th EICC"]
[Site "Budva MNE"]
[Date "2009.03.10"]
[Round "5"]
[White "Nanu,C"]
[Black "Kurnosov,I"]
[Result "1/2-1/2"]
[WhiteElo "2506"]
[BlackElo "2602"]
[EventDate "2009.03.06"]

1. d4 Nf6 2. Nf3 g6 3. Nbd2 Bg7 4. e4 O-O 5. Bd3 d6 6. O-O Nc6 7. c3 e5 8.
dxe5 Nxe5 9. Nxe5 dxe5 10. Nc4 Nh5 11. a4 Nf4 12. Bxf4 exf4 13. h3 Be6 14.
Qf3 Qg5 15. Rfd1 Rfd8 16. Na3 Bf8 17. Nb5 Qe5 18. Nd4 Bc5 1/2-1/2

[Event "10th EICC"]
[Site "Budva MNE"]
[Date "2009.03.10"]
[Round "5"]
[White "Kozul,Z"]
[Black "Tiviakov,S"]
[Result "1/2-1/2"]
[WhiteElo "2594"]
[BlackElo "2684"]
[EventDate "2009.03.06"]

1. d4 Nf6 2. c4 e6 3. g3 d5 4. Bg2 Bb4+ 5. Nd2 O-O 6. Ngf3 dxc4 7. Qc2 Nc6
8. Qxc4 e5 9. dxe5 Ng4 10. O-O Qe7 11. a3 Ba5 12. Qe4 Ngxe5 13. Nxe5 Qxe5
14. Nc4 Qxe4 15. Bxe4 Be6 16. Nxa5 Nxa5 17. Bf4 c6 18. b4 Nc4 19. b5 Bd5
20. Bxd5 cxd5 21. Rfd1 Rad8 22. Rd4 Rfe8 23. a4 f6 24. Rad1 Nb2 25. R1d2
Nc4 26. Rc2 g5 27. Bc1 Kf7 28. f3 Ke6 29. Kf2 Rc8 30. e4 Nb6 31. exd5+ Kd7
32. Rxc8 Rxc8 33. Be3 Rc2+ 34. Kg1 Ra2 35. Re4 Nxd5 36. Bxa7 b6 37. Rd4 Ke6
38. Rc4 Kd7 39. Rd4 Ke6 40. Rc4 Kd7 41. h4 h5 42. Rd4 Ke6 43. hxg5 fxg5 44.
Bb8 Ra1+ 45. Kh2 Ra2+ 46. Kh3 Re2 47. f4 Nf6 48. fxg5 Ng4 49. Rxg4 1/2-1/2

[Event "10th EICC"]
[Site "Budva MNE"]
[Date "2009.03.10"]
[Round "5"]
[White "Bosiocic,Mari"]
[Black "Areshchenko,A"]
[Result "0-1"]
[WhiteElo "2578"]
[BlackElo "2673"]
[EventDate "2009.03.06"]

1. e4 c5 2. Nf3 d6 3. d4 cxd4 4. Nxd4 Nf6 5. Nc3 a6 6. Bg5 e6 7. f4 Nbd7 8.
Qe2 Qc7 9. O-O-O b5 10. a3 Bb7 11. g4 Be7 12. Bh4 h6 13. Kb1 Rc8 14. Bg2
Qc4 15. Qe1 b4 16. axb4 Qxb4 17. Rg1 g5 18. e5 dxe5 19. Bxb7 Qxb7 20. fxe5
Bb4 21. Ncb5 axb5 22. Qxb4 Nd5 23. Qd6 gxh4 24. Nxe6 fxe6 25. Qxe6+ Ne7 26.
Rgf1 Rf8 27. Qxh6 Qe4 28. Qd2 Qxg4 29. Rfe1 Qe6 30. Qg2 Rg8 31. Qe4 Rg4 32.
Qh7 Nf8 33. Qd3 Qc4 34. Qd2 Rd4 35. Qf2 Rf4 36. Qd2 Ne6 37. b3 Qc3 38. Qg2
Rg4 39. Qd2 Qxd2 40. Rxd2 b4 41. Kb2 Nd4 42. Rf2 Nef5 0-1

[Event "10th EICC"]
[Site "Budva MNE"]
[Date "2009.03.10"]
[Round "5"]
[White "Timofeev,Arty"]
[Black "Gagunashvili,M"]
[Result "1-0"]
[WhiteElo "2671"]
[BlackElo "2585"]
[EventDate "2009.03.06"]

1. e4 c6 2. d4 d5 3. f3 Qb6 4. Nc3 dxe4 5. Nxe4 Nf6 6. c3 Bf5 7. Bd3 Bg6 8.
Qe2 e6 9. Nh3 Nbd7 10. Be3 Nxe4 11. fxe4 e5 12. O-O Be7 13. Kh1 O-O 14.
dxe5 Bc5 15. Bf4 Rfe8 16. e6 fxe6 17. Bc4 Kh8 18. Ng5 e5 19. Bf7 exf4 20.
Bxg6 hxg6 21. Rxf4 Ne5 22. Qe1 Bf2 23. Rxf2 Kg8 24. Rf4 Qxb2 25. Rf1 Ng4
26. Qg3 Nh6 27. Qd6 1-0

[Event "10th EICC"]
[Site "Budva MNE"]
[Date "2009.03.10"]
[Round "5"]
[White "Jobava,Ba"]
[Black "Erdos,V"]
[Result "1-0"]
[WhiteElo "2669"]
[BlackElo "2582"]
[EventDate "2009.03.06"]

1. d4 Nf6 2. c4 e6 3. Nc3 Bb4 4. e3 O-O 5. Nge2 d5 6. a3 Be7 7. Ng3 Nbd7 8.
cxd5 Nxd5 9. Bd3 c5 10. O-O N5f6 11. Bc2 b6 12. d5 exd5 13. Nxd5 Ba6 14.
Re1 Nxd5 15. Qxd5 Nf6 16. Qf3 Bd3 17. Bxd3 Qxd3 18. Nf5 Rae8 19. Rd1 Qe4
20. Qxe4 Nxe4 21. f3 Ng5 22. e4 Ne6 23. Rd7 Bf6 24. Rxa7 Nd4 25. Kf1 Nxf5
26. exf5 Rd8 27. Bf4 Rd3 28. a4 Rb3 29. a5 Rxb2 30. a6 Bd4 31. Bg3 Rc2 32.
Re1 Ra2 33. Ree7 h5 34. Bd6 Rc8 35. Rxf7 Re8 36. Rfe7 Rxe7 37. Bxe7 b5 38.
g4 hxg4 39. fxg4 c4 40. Rd7 Be3 41. g5 Rxa6 42. g6 Ra8 43. f6 gxf6 44. Bxf6
Rf8 45. Rg7+ Kh8 46. Rh7+ 1-0

[Event "10th EICC"]
[Site "Budva MNE"]
[Date "2009.03.10"]
[Round "5"]
[White "Yemelin,V"]
[Black "Guseinov,G"]
[Result "1/2-1/2"]
[WhiteElo "2578"]
[BlackElo "2661"]
[EventDate "2009.03.06"]

1. e4 c5 2. Nf3 g6 3. d4 cxd4 4. Nxd4 Nc6 5. c4 Nf6 6. Nc3 Nxd4 7. Qxd4 d6
8. Bg5 Bg7 9. Be2 O-O 10. Qd2 a5 11. f3 a4 12. Rc1 Qa5 13. Rc2 Be6 14. Nd5
Rfe8 15. Qxa5 Rxa5 16. Kf2 Kf8 17. Nxf6 Bxf6 18. Bxf6 exf6 19. Rd1 Ke7 20.
Rc3 Rc8 21. Rd4 Rc6 22. Ra3 Rb6 23. b3 Rb4 24. Rd2 Kd7 25. Ke3 b6 26. Rb2
axb3 27. Raxb3 Rba4 28. Rxb6 Rxa2 29. Rb7+ Kc6 30. Kd4 Rxb2 31. Rxb2 g5 32.
g3 Ra1 33. f4 Kc7 34. Bd3 Rd1 35. Ra2 gxf4 36. gxf4 f5 37. Ke3 fxe4 38.
Bxe4 Rc1 39. Bxh7 Rc3+ 40. Bd3 Bxc4 41. Kd4 Rxd3+ 42. Kxc4 Rh3 43. Ra7+
1/2-1/2

[Event "10th EICC"]
[Site "Budva MNE"]
[Date "2009.03.10"]
[Round "5"]
[White "Grachev,B"]
[Black "Romanov,E"]
[Result "1-0"]
[WhiteElo "2655"]
[BlackElo "2576"]
[EventDate "2009.03.06"]

1. d4 Nf6 2. Nf3 d5 3. c4 e6 4. e3 Be7 5. b3 O-O 6. Bd3 c5 7. O-O Nc6 8.
Bb2 cxd4 9. exd4 b6 10. Nbd2 Bb7 11. Qe2 Nb4 12. Bb1 a5 13. a3 Nc6 14. Bd3
a4 15. b4 dxc4 16. Nxc4 Nd5 17. g3 Bf6 18. Rac1 Nce7 19. Nce5 Bxe5 20. dxe5
Ng6 21. Rfd1 Rc8 22. Rxc8 Qxc8 23. Ng5 Qc6 24. b5 Qd7 25. Qh5 h6 26. Ne4
Ba8 27. Nd6 Nge7 28. Qg4 Nc8 29. Qe4 g6 30. Qxa4 Nxd6 31. exd6 e5 32. Bxe5
Qe6 33. Bb2 f6 34. Qe4 1-0

[Event "10th EICC"]
[Site "Budva MNE"]
[Date "2009.03.10"]
[Round "5"]
[White "Prohaszka,P2"]
[Black "Mamedov,Rau"]
[Result "1/2-1/2"]
[WhiteElo "2512"]
[BlackElo "2638"]
[EventDate "2009.03.06"]

1. d4 g6 2. e4 Bg7 3. c4 d6 4. Nc3 e5 5. Nf3 Nc6 6. Be3 Bg4 7. d5 Nd4 8.
Be2 Bxf3 9. Bxf3 Ne7 10. Nb5 c5 11. Nxd4 exd4 12. Bg5 h6 13. Bd2 O-O 14.
O-O Qd7 15. b4 b6 1/2-1/2

[Event "10th EICC"]
[Site "Budva MNE"]
[Date "2009.03.10"]
[Round "5"]
[White "Belov,Vl"]
[Black "Kovacevic,A"]
[Result "1/2-1/2"]
[WhiteElo "2627"]
[BlackElo "2543"]
[EventDate "2009.03.06"]

1. e4 c5 2. Nf3 d6 3. d4 cxd4 4. Nxd4 Nf6 5. Nc3 a6 6. Bg5 e6 7. f4 Nbd7 8.
Qf3 Qc7 9. O-O-O Be7 10. Be2 b5 11. Bxf6 Nxf6 12. e5 Bb7 13. Qg3 dxe5 14.
fxe5 Ne4 15. Nxe4 Bxe4 16. Bf3 Bxf3 17. gxf3 g6 18. h4 O-O-O 19. f4 Rd5 20.
Rd3 Rhd8 21. Rhd1 Bc5 22. Ne2 Rxd3 23. Rxd3 Rxd3 24. Qxd3 Qc6 25. a4 Bf2
26. Kb1 bxa4 27. Qa3 Bc5 28. Qd3 Bf2 29. Qa3 Bc5 30. Qd3 Qb5 31. Qf3 Qb7
32. Qc3 Qb4 33. Qd3 Qb5 34. Qf3 Qb7 35. Qc3 Qb4 36. Qd3 Qb5 1/2-1/2

[Event "10th EICC"]
[Site "Budva MNE"]
[Date "2009.03.10"]
[Round "5"]
[White "Nyzhnyk,I"]
[Black "Petrosian,TL"]
[Result "0-1"]
[WhiteElo "2504"]
[BlackElo "2623"]
[EventDate "2009.03.06"]

1. e4 c5 2. Nf3 d6 3. d4 cxd4 4. Nxd4 Nf6 5. f3 e5 6. Nb3 Be6 7. c4 a5 8.
Be3 a4 9. N3d2 Qa5 10. Na3 Be7 11. Be2 O-O 12. O-O Bd8 13. Kh1 Bb6 14. c5
Bxc5 15. Ndc4 Bxc4 16. Nxc4 Qc7 17. Bg5 Nbd7 18. Rc1 h6 19. Be3 Bxe3 20.
Nxe3 Nc5 21. Qd2 Rfd8 22. Rfd1 g6 23. Nc4 Kg7 24. Qe3 Rac8 25. b4 axb3 26.
axb3 Qe7 27. Nxd6 Rxd6 28. Rxd6 Qxd6 29. b4 b6 30. bxc5 Rxc5 31. Rd1 Qc6
32. g3 Rc3 33. Qd2 Nxe4 0-1

[Event "10th EICC"]
[Site "Budva MNE"]
[Date "2009.03.10"]
[Round "5"]
[White "Lysyj,I"]
[Black "Gallagher,Jo"]
[Result "1/2-1/2"]
[WhiteElo "2620"]
[BlackElo "2480"]
[EventDate "2009.03.06"]

1. d4 Nf6 2. Nf3 g6 3. c4 Bg7 4. Nc3 O-O 5. e4 d6 6. h3 e5 7. d5 Nh5 8. g3
a5 9. Nh2 Na6 10. Be2 Nf6 11. Ng4 Nc5 12. Nxf6+ Qxf6 13. h4 Qe7 14. h5 gxh5
15. Be3 f5 16. Bxc5 dxc5 17. Bd3 Ra6 18. Rxh5 f4 19. g4 f3 20. Rf5 Bxf5 21.
exf5 e4 22. Nxe4 h5 23. Qxf3 hxg4 24. Qxg4 Qe5 25. Kf1 Rxf5 26. Re1 Rf4 27.
Qg5 Rh6 28. Qxe5 Bxe5 29. Ke2 Bd4 30. Rg1+ Kf8 31. Rg2 Ke7 32. Ng5 Bxb2 33.
Ne6 Rxe6+ 34. dxe6 Kxe6 35. Rg6+ Bf6 36. a4 Rh4 37. Rg8 Bd4 38. Re8+ Kd7
39. Rf8 Ke7 40. Rc8 Kd6 41. Rd8+ Ke7 42. Rc8 Kd7 43. Rf8 Rh2 44. Be4 Ke7
45. Rf5 c6 46. Rf3 Ke6 47. Rf8 Ke5 48. Bd3 Bxf2 49. Rxf2 Rxf2+ 50. Kxf2 Kd4
51. Bf1 Kc3 52. Ke3 Kb3 53. Kd2 Kxa4 54. Kc3 Ka3 55. Be2 Ka4 56. Bd1+ Ka3
57. Be2 Ka4 58. Bd1+ 1/2-1/2

[Event "10th EICC"]
[Site "Budva MNE"]
[Date "2009.03.10"]
[Round "5"]
[White "Papaioannou,I"]
[Black "Drazic,S"]
[Result "1-0"]
[WhiteElo "2609"]
[BlackElo "2513"]
[EventDate "2009.03.06"]

1. d4 Nf6 2. c4 c6 3. Nf3 d5 4. e3 g6 5. Nc3 Bg7 6. Be2 O-O 7. O-O Bg4 8.
cxd5 cxd5 9. Qb3 b6 10. h3 Bxf3 11. Bxf3 e6 12. Bd2 Nc6 13. Qa4 Na5 14. b3
a6 15. Ne2 Nb7 16. Rfc1 Re8 17. Nf4 Bf8 18. Bb4 b5 19. Qa3 Bxb4 20. Qxb4
Rc8 21. Nd3 Qb6 22. a4 Kg7 23. axb5 axb5 24. Ne5 h5 25. h4 Nd6 26. Rc5 Rc7
27. Ra6 Qxa6 28. Rxc7 Rd8 29. g3 Rc8 30. Rxc8 Nxc8 31. Kg2 Nd6 32. Qc5 Nfe8
33. Qc2 Qc8 34. Qc5 Qxc5 35. dxc5 Nb7 36. b4 Nd8 37. e4 Nc7 38. exd5 exd5
39. Be2 f6 40. Nd3 Nc6 41. Kf3 d4 42. Bf1 f5 43. Ke2 Na6 44. Bg2 Nab8 45.
Kd2 Kf6 46. Kc2 Ne7 47. Kb3 Nbc6 48. Nf4 Ne5 49. Bf1 g5 50. hxg5+ Kxg5 51.
Ne6+ Kg4 52. Nxd4 f4 53. Bxb5 fxg3 54. Be2+ Kh3 55. fxg3 Ng4 56. Bxg4+ hxg4
57. b5 1-0

[Event "10th EICC"]
[Site "Budva MNE"]
[Date "2009.03.10"]
[Round "5"]
[White "Spoelman,W"]
[Black "Mikhalevski,V"]
[Result "1/2-1/2"]
[WhiteElo "2493"]
[BlackElo "2608"]
[EventDate "2009.03.06"]

1. e4 e5 2. Nf3 Nc6 3. Bb5 a6 4. Ba4 Nf6 5. O-O Nxe4 6. d4 b5 7. Bb3 d5 8.
dxe5 Be6 9. Nbd2 Nc5 10. c3 Be7 11. Bc2 Bg4 12. Re1 Qd7 13. Nf1 Rd8 14. Ne3
Bh5 15. Nf5 Ne6 16. a4 O-O 17. axb5 axb5 18. Qd3 Bg6 19. Qxb5 Bxf5 20. Bxf5
Nxe5 21. Qxd7 Nxd7 22. Bxe6 fxe6 23. Rxe6 Bd6 24. Bg5 Ra8 25. Rd1 Nc5 26.
Re2 Ne4 27. Be3 Ra2 28. Nd4 c5 29. Nb5 Be5 30. g3 Nxc3 31. Nxc3 Bxc3 32.
Bxc5 Rb8 33. Rxd5 Raxb2 34. Re7 R2b5 35. Red7 Rc8 36. Be3 Rxd5 37. Rxd5 Bf6
38. Rd7 Rd8 39. Rb7 Bd4 40. Bf4 Rd5 41. Kg2 h5 42. Kf3 Ra5 43. Be3 Bf6 44.
h3 g6 45. Ke4 Re5+ 46. Kd3 Rd5+ 47. Ke4 Re5+ 48. Kf3 Rf5+ 49. Ke2 Ra5 50.
Rd7 Ra2+ 51. Kd3 Ra4 52. Ke2 Ra2+ 53. Kf3 Ra4 54. g4 hxg4+ 55. hxg4 Be5 56.
Rd5 Bf6 57. Kg3 Ra3 58. Rd7 Be5+ 59. Kh4 Bf6+ 60. Bg5 Rf3 61. Bxf6 Rxf6 62.
Rd2 Kg7 63. Rd7+ Kg8 64. Kg3 Ra6 65. Kf4 Rf6+ 66. Kg3 Ra6 67. f3 Ra4 68.
Kh4 Ra5 69. f4 g5+ 70. fxg5 Ra6 71. Kh5 Rb6 72. Ra7 Rc6 73. g6 Rc1 74. Kh6
Rh1+ 75. Kg5 Rb1 76. Re7 Ra1 77. Re5 Kg7 78. Rb5 Rc1 79. Rb7+ Kg8 80. g7
Rc5+ 81. Kh4 Ra5 82. Re7 Rb5 83. g5 Rb4+ 84. Kh5 Rb6 85. Ra7 Rc6 86. g6 Rc1
87. Kg5 1/2-1/2

[Event "10th EICC"]
[Site "Budva MNE"]
[Date "2009.03.10"]
[Round "5"]
[White "Chirila,I"]
[Black "Parligras,M"]
[Result "1/2-1/2"]
[WhiteElo "2485"]
[BlackElo "2605"]
[EventDate "2009.03.06"]

1. e4 c5 2. Nf3 d6 3. d4 cxd4 4. Nxd4 Nf6 5. Nc3 e6 6. Be3 a6 7. Qd2 b5 8.
f3 Nbd7 9. O-O-O Bb7 10. g4 Nb6 11. Qf2 Nfd7 12. Bd3 Rc8 13. Nce2 Qc7 14.
Kb1 Be7 15. Ng3 Nc4 16. Bxc4 Qxc4 17. g5 O-O 18. h4 d5 19. f4 dxe4 20. Ndf5
exf5 21. Rxd7 Rc7 22. Rxc7 Qxc7 23. Nxf5 f6 24. Rg1 fxg5 25. Nxe7+ Qxe7 26.
Rxg5 h6 27. Rg1 Rf7 28. Bd4 Bc8 29. Qg3 Bf5 30. Be5 Qa7 31. Rd1 1/2-1/2

[Event "10th EICC"]
[Site "Budva MNE"]
[Date "2009.03.10"]
[Round "5"]
[White "Postny,E"]
[Black "Nijboer,F"]
[Result "0-1"]
[WhiteElo "2652"]
[BlackElo "2560"]
[EventDate "2009.03.06"]

1. d4 d6 2. c4 e5 3. d5 Be7 4. Nc3 a5 5. e4 Bg5 6. Bxg5 Qxg5 7. Nf3 Qe7 8.
c5 dxc5 9. Nb5 Kf8 10. Bc4 Nh6 11. h3 g6 12. d6 cxd6 13. Qxd6 Qxd6 14. Nxd6
Nc6 15. Bd5 Ke7 16. Bxc6 Kxd6 17. Bd5 f6 18. g4 Be6 19. O-O-O Ke7 20. Bxb7
Rad8 21. Bd5 Bxd5 22. exd5 Nf7 23. Rhe1 Rd7 24. Re4 Rb8 25. Ra4 Ra7 26. Kc2
Rb4 27. Rxb4 axb4 28. Kb3 Kd6 29. Ne1 e4 30. Nc2 Ke5 31. Ne3 Nd6 32. Rd2 f5
33. gxf5 gxf5 34. Nc4+ Nxc4 35. Kxc4 Kd6 36. Kb3 f4 37. a3 bxa3 38. bxa3
Re7 39. Kc4 e3 40. fxe3 Re4+ 41. Kd3 Rxe3+ 42. Kc4 Rxa3 43. Rg2 f3 44. Rf2
Ra4+ 45. Kd3 Kxd5 0-1

[Event "10th EICC"]
[Site "Budva MNE"]
[Date "2009.03.10"]
[Round "5"]
[White "Kunin,V"]
[Black "Berkes,F"]
[Result "0-1"]
[WhiteElo "2546"]
[BlackElo "2651"]
[EventDate "2009.03.06"]

1. Nf3 Nf6 2. c4 e6 3. Nc3 d5 4. e3 a6 5. b3 c5 6. Bb2 Nc6 7. d4 cxd4 8.
Nxd4 Bb4 9. a3 Bc5 10. cxd5 Nxd4 11. exd4 Ba7 12. dxe6 Bxe6 13. Bc4 Qxd4
14. Qxd4 Bxd4 15. Bxe6 fxe6 16. Rd1 Rd8 17. Na4 Bxb2 18. Rxd8+ Kxd8 19.
Nxb2 Ke7 20. Ke2 Rc8 21. Nc4 b5 22. Ne3 Rc3 23. Rb1 g5 24. h3 h5 25. Rb2
Ne4 26. Nd1 Rc1 27. Ne3 Kf6 28. f3 Nc5 29. b4 Na4 30. Rc2 Ra1 31. Rc6 Rxa3
32. Nd5+ Kf7 33. Nc7 Nc3+ 34. Kf2 Ra2+ 35. Ke3 Nd5+ 36. Nxd5 exd5 37. g4
Ra3+ 38. Kd4 Rxf3 39. gxh5 Rxh3 40. h6 g4 41. Rxa6 g3 42. Ke3 d4+ 43. Kf3
d3 44. h7 Ke7 45. Ra2 Ke6 46. Rd2 Rxh7 47. Rxd3 Rg7 48. Kg2 Rg4 49. Rd8 Ke5
50. Rb8 Rxb4 51. Kxg3 Ke4 52. Kf2 Kd3 53. Rb7 Rb2+ 54. Kf3 b4 55. Rd7+ Kc3
56. Ke3 Rh2 57. Rc7+ Kb2 58. Kd3 Rh3+ 59. Kd2 b3 60. Rg7 Kb1 61. Rg8 b2 62.
Rg7 Ka2 0-1

[Event "10th EICC"]
[Site "Budva MNE"]
[Date "2009.03.10"]
[Round "5"]
[White "Predojevic,B"]
[Black "Minasian,Art"]
[Result "1-0"]
[WhiteElo "2650"]
[BlackElo "2557"]
[EventDate "2009.03.06"]

1. e4 g6 2. d4 Bg7 3. Nf3 d6 4. c3 Nf6 5. Bd3 Nc6 6. O-O O-O 7. h3 e5 8.
Re1 Nh5 9. Bg5 Bf6 10. Be3 Nf4 11. Bxf4 exf4 12. Nbd2 Bg7 13. b4 a5 14. b5
Ne7 15. Rb1 h6 16. b6 c6 17. Nc4 Be6 18. e5 d5 19. Nd6 Qd7 20. Nd2 a4 21.
c4 f6 22. c5 fxe5 23. dxe5 a3 24. Nf3 Nf5 25. Qd2 g5 26. Bc2 Nxd6 27. exd6
Rae8 28. Re2 Bf5 29. Rbe1 Rxe2 30. Rxe2 Bxc2 31. Qxc2 Re8 32. Rxe8+ Qxe8
33. Qf5 d4 34. h4 gxh4 35. Kh2 h3 36. Kxh3 Qf7 37. Kg4 h5+ 38. Qxh5 Qxa2
39. Qe8+ Bf8 40. d7 Qxf2 1-0

[Event "10th EICC"]
[Site "Budva MNE"]
[Date "2009.03.10"]
[Round "5"]
[White "Ivanisevic,I"]
[Black "Ragger,M"]
[Result "1-0"]
[WhiteElo "2628"]
[BlackElo "2540"]
[EventDate "2009.03.06"]

1. d4 d5 2. c4 c6 3. Nf3 Nf6 4. Nc3 e6 5. Bg5 h6 6. Bxf6 Qxf6 7. Qb3 Nd7 8.
e4 dxe4 9. Nxe4 Qf4 10. Bd3 e5 11. O-O Be7 12. Rfe1 exd4 13. Nxd4 O-O 14.
Bc2 Nc5 15. Qc3 Nxe4 16. Rxe4 Qf6 17. c5 Qg5 18. Rae1 Bf6 19. h4 Qd5 20.
Rf4 Bxd4 21. Rxd4 Qh5 22. Rf4 Qd5 23. Bb3 Qd8 24. Re3 Kh8 25. Bxf7 Qc7 26.
Rf6 1-0

[Event "10th EICC"]
[Site "Budva MNE"]
[Date "2009.03.10"]
[Round "5"]
[White "Berg,E"]
[Black "Simacek,P"]
[Result "1-0"]
[WhiteElo "2606"]
[BlackElo "2493"]
[EventDate "2009.03.06"]

1. e4 e5 2. Nf3 Nc6 3. Bb5 a6 4. Ba4 Nf6 5. O-O Nxe4 6. d4 b5 7. Bb3 d5 8.
dxe5 Be6 9. Nbd2 Nc5 10. c3 d4 11. Bxe6 Nxe6 12. cxd4 Ncxd4 13. a4 Rb8 14.
axb5 axb5 15. Ne4 Be7 16. Be3 Nf5 17. Ba7 Qxd1 18. Rfxd1 Rd8 19. g4 Nh4 20.
Nxh4 Bxh4 21. Rxd8+ Bxd8 22. Be3 h5 23. h3 hxg4 24. hxg4 Kd7 25. Kg2 Be7
26. f4 g6 27. f5 gxf5 28. gxf5 Nd8 29. Rd1+ Ke8 30. Nc3 Nc6 31. f6 Bd8 32.
Bf4 Rh5 33. Ne4 Na5 34. Ng3 Rh7 35. Nf5 Nb7 36. b4 Kf8 37. Bh6+ Ke8 38. Be3
1-0

[Event "10th EICC"]
[Site "Budva MNE"]
[Date "2009.03.10"]
[Round "5"]
[White "Sedlak,N"]
[Black "Vavrak,P"]
[Result "1/2-1/2"]
[WhiteElo "2592"]
[BlackElo "2488"]
[EventDate "2009.03.06"]

1. e4 e6 2. Nf3 d5 3. e5 c5 4. b4 cxb4 5. a3 Nc6 6. axb4 Bxb4 7. c3 Be7 8.
d4 h5 9. h4 Nh6 10. Bd3 Nf5 11. Na3 a6 12. Bg5 Rb8 13. Nc2 b5 14. Ne3 g6
15. Bxf5 gxf5 16. O-O a5 17. g3 a4 18. Ng2 Na5 19. Nf4 Nc4 20. Bxe7 Qxe7
21. Ne1 b4 22. cxb4 a3 23. Ned3 Qa7 24. Nc5 Rxb4 25. Nxh5 Nxe5 26. Nf6+ Kf8
27. dxe5 Qxc5 28. Qf3 Kg7 29. Rxa3 Bb7 30. Rc3 d4 31. Qf4 Qxc3 32. Qg5+ Kf8
33. Rc1 Qf3 34. Nh7+ Rxh7 35. Rc8+ Bxc8 36. Qd8+ 1/2-1/2

[Event "10th EICC"]
[Site "Budva MNE"]
[Date "2009.03.10"]
[Round "5"]
[White "Iordachescu,V"]
[Black "Pap,M"]
[Result "1-0"]
[WhiteElo "2584"]
[BlackElo "2469"]
[EventDate "2009.03.06"]

1. e4 c5 2. Nf3 Nc6 3. d4 cxd4 4. Nxd4 e5 5. Nb5 d6 6. N1c3 a6 7. Na3 b5 8.
Nd5 Rb8 9. c4 b4 10. Nc2 a5 11. Be2 Be7 12. O-O Nf6 13. Qd3 Nd7 14. Qg3 O-O
15. Bh6 Bf6 16. Rad1 Nc5 17. Nxf6+ Qxf6 18. Rxd6 Nxe4 19. Rxf6 Nxg3 20.
hxg3 gxf6 21. Bxf8 Kxf8 22. Bf3 Nd8 23. Rd1 Ne6 24. Rd5 b3 25. axb3 Rxb3
26. Rxa5 Rxb2 27. Ne3 Bb7 28. Bxb7 Rb1+ 29. Kh2 Rxb7 30. Ra8+ Ke7 31. Nd5+
Kd6 32. Nxf6 Nc5 33. Rc8 Ne6 34. Rh8 Ng5 35. Nxh7 Ne4 36. f3 Nc3 37. Ng5 f6
38. Rh6 Kc5 39. Rxf6 Kxc4 40. g4 Rg7 41. Rf5 Re7 42. Nf7 Kd4 43. g5 e4 44.
fxe4 Nxe4 45. Rf4 Ke3 46. Rf3+ Kd4 47. Rf5 Ra7 48. g6 Ra8 49. g7 Rg8 50.
Ng5 Nc5 51. Kh3 Kc4 52. Kh4 Nd7 53. Ne6 Re8 54. Rf8 1-0

[Event "10th EICC"]
[Site "Budva MNE"]
[Date "2009.03.10"]
[Round "5"]
[White "Halkias,S"]
[Black "Zueger,B"]
[Result "1-0"]
[WhiteElo "2578"]
[BlackElo "2408"]
[EventDate "2009.03.06"]

1. d4 Nf6 2. Nf3 d6 3. Bg5 Nbd7 4. Nbd2 h6 5. Bh4 g5 6. Bg3 Nh5 7. e4 Bg7
8. c3 e6 9. Bd3 Qe7 10. Qe2 b6 11. Nc4 Bb7 12. Nfd2 Nxg3 13. hxg3 O-O 14.
Ne3 c5 15. dxc5 Nxc5 16. Ng4 Rfd8 17. Nxh6+ Kf8 18. Ng4 d5 19. e5 d4 20. c4
b5 21. O-O bxc4 22. Nxc4 Ba6 23. b3 Rac8 24. Rac1 Rc7 25. f4 gxf4 26. Rxf4
Qg5 27. Qd2 Qh5 28. Nf6 Qh6 29. Qa5 Rdc8 30. Nd6 Bxf6 31. exf6 Nb7 32. Rxc7
Nxa5 33. Rxf7+ Kg8 34. Rg4+ Kh8 35. Rh4 Qxh4 36. gxh4 Rc1+ 37. Kh2 Bxd3 38.
Rg7 Bg6 39. Rxg6 Rf1 40. Nf7+ Kh7 41. Rg7+ 1-0

[Event "10th EICC"]
[Site "Budva MNE"]
[Date "2009.03.10"]
[Round "5"]
[White "Banusz,T"]
[Black "Jankovic,A"]
[Result "1-0"]
[WhiteElo "2501"]
[BlackElo "2571"]
[EventDate "2009.03.06"]

1. d4 Nf6 2. c4 g6 3. Nc3 Bg7 4. e4 O-O 5. Nf3 c6 6. d5 cxd5 7. exd5 e5 8.
Be2 d6 9. O-O Nbd7 10. Be3 Ne8 11. Rc1 f5 12. Ng5 Nc5 13. f4 exf4 14. Bxf4
Qb6 15. Be3 Qxb2 16. Rc2 Qa3 17. Rf3 Qa5 18. Nb5 h6 19. Bxc5 dxc5 20. Ne6
Bxe6 21. dxe6 Qb6 22. Rd3 Qxe6 23. Bf3 Qc8 24. Re2 a6 25. Nd6 Nxd6 26. Rxd6
Bd4+ 27. Rxd4 cxd4 28. Bd5+ Rf7 29. Re7 Qc5 30. Rxf7 d3+ 31. Kf1 Qd4 32.
Rxf5+ Kh8 33. Rf3 d2 34. Rf2 Qd3+ 35. Kg1 1-0

[Event "10th EICC"]
[Site "Budva MNE"]
[Date "2009.03.10"]
[Round "5"]
[White "Pikula,D"]
[Black "Rasulov,Vu"]
[Result "0-1"]
[WhiteElo "2570"]
[BlackElo "2391"]
[EventDate "2009.03.06"]

1. e4 c5 2. Nf3 e6 3. d3 Nc6 4. g3 g6 5. Bg2 Bg7 6. O-O Nge7 7. c3 O-O 8.
d4 cxd4 9. cxd4 d5 10. e5 Nf5 11. Nc3 f6 12. Re1 fxe5 13. dxe5 h6 14. Ne2
g5 15. Ned4 Ncxd4 16. Nxd4 Qb6 17. Nxf5 Rxf5 18. Be3 Qxb2 19. Bd4 Qb4 20.
Bh3 Rf7 21. Rc1 Bd7 22. Rb1 Qa5 23. Qh5 Rc8 24. Qg6 Rc4 25. Red1 Qa4 26.
Be3 Rc6 27. Rd4 Qc2 28. Qxc2 Rxc2 29. Rxb7 Bc8 30. Rxf7 Kxf7 31. Ra4 a6 32.
f4 Rc3 33. Bd4 Rc1+ 34. Kf2 Rc2+ 35. Kg1 Bf8 36. Bf1 Be7 37. Be3 g4 38. Bd4
Rc1 39. Kf2 Bd7 0-1

[Event "10th EICC"]
[Site "Budva MNE"]
[Date "2009.03.10"]
[Round "5"]
[White "Perunovic,Mil"]
[Black "Marinkovic,Sl"]
[Result "1-0"]
[WhiteElo "2568"]
[BlackElo "2388"]
[EventDate "2009.03.06"]

1. e4 e6 2. d4 d5 3. Nc3 Nf6 4. Bg5 dxe4 5. Nxe4 Nbd7 6. Nf3 h6 7. Nxf6+
Nxf6 8. Bh4 c5 9. Ne5 Qa5+ 10. c3 cxd4 11. Qxd4 Bc5 12. Qf4 Bd6 13. Bg3 O-O
14. Be2 Nd7 15. Nc4 Bxf4 16. Nxa5 Bxg3 17. hxg3 Nc5 18. Rh4 f5 19. Rd1 b6
20. Bf3 Ne4 21. Nc6 Bb7 22. Bxe4 fxe4 23. Rd6 e3 24. fxe3 Kh8 25. Rf4 e5
26. Nxe5 Rfe8 27. Ng6+ Kh7 28. Rf7 Bc8 29. Ne7 1-0